000 01248nam0a22003131 4500
001 rc\3484130
005 20250610022948.0
021 _aRU
_b[71-49325]
035 _a(NLR Aleph) 007646018
090 _a6177429
_c6177429
100 _a20130115d1971 |||y0rusy50 ca
101 0 _arus
102 _aRU
105 _ab z |||||
200 1 _aНовейшая история. (1939-1971 гг.)
_eУчеб. пособие для десятого класса сред. школы
_fПод ред. В.К. Фураева
205 _a2-е изд.
210 _aМосква
_cПросвещение
_d1971
215 _a256 с.
_cкарт.
_d22
300 _aПеред загл. авт.: П.М. Кузьмичев, Г.Р. Левин, В.А. Орлов и др.
606 _aНовейшая история
_jУчебники и пособия
_2psbo
701 1 _aКузьмичев
_bП.М.
_gПавел Михайлович
701 1 _aЛевин
_bГ.Р.
701 1 _aОрлов
_bВ.А.
702 1 _4570
_7ca
_8rus
_aФураев
_bВ. К.
_f1921-1999
_gВиктор Константинович
_9138710
_3RU\NLR\AUTH\770138745
801 0 _aRU
_bNLR
_gpsbo
801 1 _aRU
_bELAR
_2rusmarc
852 _aNLR
_j71-5/2771
942 _cBOOK
980 _aNB